000 00497nam a22001697a 4500
008 170616b xxu||||| |||| 00| p tur d
041 _atur
050 _aPL248.E7495
100 _9340
_aAhmet Erhan
245 _aAlacakaranlıktaki Ülke
_cAhmet Erhan
_b1981 Behçet Necatigil Şiir Ödülü
250 _a4. baskı
260 _aİstanbul
_bAn Yayınları
_cMayıs 1990
300 _a85 sayfa
500 _aAn Yayınları: 1; Şiir Dizisi: 1
650 0 _9145
_aTürk Edebiyatı
942 _2lcc
_cBK
999 _c330
_d326